000 00342 a2200169 4500
001 56925
020 _a853251250X
040 _cAnchieta - Pituba
100 _aApplegate, K. A.
240 1 0 _aA mensagem
_lpor
245 1 0 _aA mensagem
300 _a146
362 0 _a201
440 1 _aRocco
650 4 _aLiteratura juvenil
942 _cBK
999 _c56925
_d56925